000 00901nam a22001697a 4500
005 20260123085305.0
008 230713b ||||| |||| 00| 0 eng d
040 _cSSBUL
_dSSBUL
082 _223
_a၃၂၈.၅၉၁ ဒု ၁၆၁၀၁ (S-SAT)
245 _aဒုတိယအကြိမ် ပြည်သူ့လွှတ်တော်ဒုတိယအစည်းအဝေးသို့ပြည်သူ့တရားသူကြီးအဖွဲ့မှ... /
260 _c၁၉၇၈။
300 _a၁၁၁ စာမျက်နှာ၊
_c၂၁ စင်တီ။
500 _aS-SAT: Dr. Prof Sai Aung Tun
650 _aမြန်မာနိုင်ငံပြည်သူ့လွှတ်တော်။
_927829
650 _aလွှတ်တော်အစည်းအဝေးများ
_zမြန်မာနိုင်ငံ။
_927844
942 _2ddc
_cBK1
999 _c27147
_d27147